000 00272nam a22001097a 4500
008 170120b xxu||||| |||| 00| 0 eng d
020 _a9780763738310
041 _aeng
080 _a618.2
245 _aPRACTICAL APPLICATIONS IN SPORTS NUTRITION
_cFINK, H.H
942 _2udc
_cBK
999 _c3225
_d3225